000 00466cam a2200181ua 4500
020 _c1.25
041 _amal
_h
082 _a894.812
_bABR/MA
100 _aAbraham, Elanhikkal .
245 _aManushianum kinakkalum /
_cElanhikkal Abraham.
_hTextual Documents
250 _a1 /
_b.
260 _aAlleppey :
_bSahitya Pravarthaka Co-operative Society ,
_c1961.
300 _a88 ; .
365 _a1.25
504 _a
942 _cBK
999 _c4014
_d4014